Entourage de Son Goku dans Dragon Ball - Statistiques

Statistiques générales
  • Ce quiz a été pris 55 fois
    31 depuis la dernière actualisation
  • Le résultat moyen est 19 sur 25
Statistiques - réponses
Lien avec Son Goku Personnage % Correct
Meilleur ami Krillin
100%
Grand-père adoptif Son Gohan
100%
Premier fils Son Gohan
100%
Ami Yamcha
96%
Père Bardock
92%
Amie proche Bulma
92%
Epouse Chichi
92%
Frère Raditz
92%
Deuxième fils Son Goten
92%
Rival et ami Vegeta
92%
Maître Maître Kaio
80%
Maître Tortue Géniale
80%
Belle-fille Videl
80%
Petite fille Pan
76%
Ami proche Piccolo
76%
Ami Ten Shin Han
68%
Mère Gine
64%
Maître Whis
64%
Ami? Rival? Beerus
56%
Ami Chaozu
56%
Ami Mr Satan
44%
Ami Oolong
44%
Beau-père Gyumaoh
40%
Maître Karin
40%
Maître Tout Puissant
36%
Aucun quiz correspondant
Distribution des résultats
% des personnes avec chaque résultat
Percentile par nombre de réponses
Votre historique - résultats
Vous n’avez pas pris ce quiz depuis la dernière actualisation